000 00568nam a2200217Ia 4500
003 GCL
008 140319s9999 xx 000 0 eng d
040 _aGCL /
_cGCL
082 0 4 _a796
_bT M
100 1 _aTHOMPSON, WILLAM A
245 1 0 _aMODERN SPORTS OFFICIALES: A PRACTICAL GUIDE /
_cTHOMPSON, WILLAM A
700 1 _aCLEGG, RICHARD
260 _a[S.N] :
_bWCB BROWN & BENCHANARK ،
_c1993
300 _a265 P
650 0 4 _aBASEBALL
650 0 4 _aSPORT OFFICIATING
650 0 4 _aBASKETBALL
650 0 4 _aFOOTBALL
650 0 4 _aVOLLEBALL
942 _2ddc
_cBK
999 _c11829
_d11829